LEADER 01239nam a2200301 a 4500 001 000000130278 003 CaOOAMICUS 005 20120920142744.0 008 120920s2012 it u000 u ita r 020 $a978-88-13-31565-8 040 $aPUL$bita 082 04$a345.45 100 1 $aRiz, Roland.$0(OLS)http://pul/name/28629 245 10$aLineamenti di diritto penale :$bparte generale /$cRoland Riz. 250 $a6. ed. 260 $aPadova :$bCEDAM,$c2012$aMilanofiori Assago :$bWolters Kluwer,$c©2012. 300 $aXXXIV, 589 p. ;$c24 cm. 500 $aInclude indice. 650 4$aDiritto penale$zItalia.$0(OLS)http://pul/subject/10217 850 $aPUL 852 $aPUL$W1$xSL Diritto e Scienze Sociali 3$y79$m345. 45 RIZRO 1$j150806$qDDC 21$B149382$CPULBib$Z2$F149382 $H120693 $82 941 1 $a9 996 $6020$a978-88-13-31565-8$9(OLS)http://pul/number/150538 996 $6082$a345.45$9(OLS)http://pul/classification/371 996 $6245$aLineamenti di diritto penale :$bparte generale$9(OLS)http://pul/title/164659 996 $6260$aPadova :$bCEDAM$9(OLS)http://pul/publisher/48126 996 $6260$aMilanofiori Assago :$bWolters Kluwer$9(OLS)http://pul/publisher/81463 LEADER 01668nam a2200265 u 4500 001 000000076319 003 CaOOAMICUS 005 20070226123210.0 008 031120s1932 ja bf u000 u fre u 035 $a10976999 040 $aPUL(R)$bita 245 03$aLa situation actuelle en Chine en tant qu'elle affecte les relations internationales et la bonne entente entre les nations dont la paix depend : /$cdocument A. 260 $a[Tokio :$bs.n.],$cstampa 1932. 300 $a710 p. in varie seq., [1] c. di tav. :$bc. geogr. ;$c26 cm 500 $a"Le présent Document été préparé en vue d'aider la Commission d'Etude de la Société des Nations dans sa tâche, en lui fournissant der renseignements sur la situation actuelle en CHine en tant qu'elle affecte les relations internationales et la bonne entente entre les nations dont la Paix dépend". 500 $aL'opera si completa con "Les relations du Japon avec la Mandchouries et la Mongolie : document B". 504 $aBibliografia in nota. 651 4$aCina$xPolitica e governo$ySec. XX.$0(OLS)http://pul/subject/25942 651 4$aCina$xVita e costumi sociali.$0(OLS)http://pul/subject/19212 651 4$aCina$xRelazioni estere.$0(OLS)http://pul/subject/26603 850 $aPUL 852 $aPUL$W1$xDP2 Filosofia 1$y62$m130 F 36$j98063$nBK-PRI$b $qStampati$B98063$CPULBib$Z2$F98063 $H24079 $81 941 1 $a8 996 $6245$aLa situation actuelle en Chine en tant qu'elle affecte les relations internationales et la bonne entente entre les nations dont la paix depend :$9(OLS)http://pul/title/100121 996 $6260$a[Tokio :$bs.n.]$9(OLS)http://pul/publisher/74695